LEADER 00546nab a2200145 i 4500 001 000000316063 003 CaOOAMICUS 005 20180831173202.0 008 180831n xx uu u0 0und r 013 $a25146 040 $aSeMil$bita 100 1 $aRimoldi, Antonio .$0(OLS)http://semarc/name/204 245 10$a[RECENSIONE DI: Radice..., I Fatebenefratelli. Storia del..., 1977]. 773 0 $t[Gennaio-Dicembre].$g147$w()273998 996 $6245$a[RECENSIONE DI: Radice..., I Fatebenefratelli. Storia del..., 1977]$9(OLS)http://semarc/title/390095 LEADER 01276nam a2200277 i 4500 001 000000185764 003 CaOOAMICUS 005 20151130000000.0 008 151130s2014 it u000 u ita u 013 $a163798 020 $a978-88-6500-091-5 040 $aSeMil$bita 100 1 $aBormolini, Guidalberto,$d<1967- >.$0(OLS)http://semarc/name/68275 245 12$aI santi e gli animali :$bl'Eden ritrovato /$cGuidalberto Bormolini d. R. ; con una prefazione di Paolo di De Benedetti. 260 $aFirenze :$bLibreria Editrice Fiorentina,$c2014. 300 $a337 p. ;$c21 cm. 490 0 $aRicerca del Graal : documenti e testi di spiritualitą 650 4$aSanti - Relazione con gli animali.$0(OLS)http://semarc/subject/35079 700 1 $aDe Benedetti, Paolo ,$d<1927-2016>.$0(OLS)http://semarc/name/2612 830 0$aRicerca del Graal.$0(OLS)http://semarc/title/16990 850 $aSeMil 852 $aSeMil$W1$xVenegono$y1$m3H V 333$j136455$B136455$CSeMilBibl$Z2$F147985 $81 961 $aOmaggio: Altro 996 $6020$a978-88-6500-091-5$9(OLS)http://semarc/number/175962 996 $6245$aI santi e gli animali :$bl'Eden ritrovato$9(OLS)http://semarc/title/267040 996 $6260$aFirenze :$bLibreria Editrice Fiorentina$9(OLS)http://semarc/publisher/30629